Normal view
MARC view
Entry Personal Name
001 - CONTROL NUMBER
- control field: 28217
003 - CONTROL NUMBER IDENTIFIER
- control field: dpl
005 - DATE AND TIME OF LATEST TRANSACTION
- control field: 20110523152654.0
008 - FIXED-LENGTH DATA ELEMENTS
- fixed length control field: 110523|||a|||||| | ||| d
040 ## - CATALOGING SOURCE
- Original cataloging agency: dpl
- Transcribing agency: dpl
100 ## - HEADING--PERSONAL NAME
- Personal name: Bremmer, Ian,
- Dates associated with a name: 1969-
670 ## - SOURCE DATA FOUND
- Source citation: Work cat.: (dpl)52496: Bremmer, Ian, 1969-, The end of the free market :, 2010
670 ## - SOURCE DATA FOUND
- Source citation: Work cat.: (dpl)52496: Bremmer, Ian, 1969-, The end of the free market :, 2010
